[Event "Mittelfranken Landesliga Nord 2223"]
[Site "Mittelfranken"]
[Date "2022.10.23"]
[Round "2.3"]
[White "Martin, Thomas"]
[Black "Votruba, Pavel"]
[Result "1-0"]
[WhiteElo "2236"]
[BlackElo "2205"]
[PlyCount "75"]
[EventDate "2022.10.09"]
[EventType "team-tourn"]
[EventRounds "9"]
[EventCountry "GER"]
[SourceTitle "EXT 2024"]
[Source "ChessBase"]
[SourceDate "2023.10.10"]
[SourceVersion "1"]
[SourceVersionDate "2023.10.10"]
[SourceQuality "1"]
[WhiteTeam "Nuernberg NT II"]
[BlackTeam "Schwandorf"]
[WhiteTeamCountry "GER"]
[BlackTeamCountry "GER"]

1. e4 e6 2. d3 d5 3. Nd2 c5 4. Ngf3 Nc6 5. g3 Bd6 6. Bg2 Nge7 7. 0-0 0-0 8. Re1 b5 9. c3 Rb8 10. a4 a6 11. axb5 axb5 12. Nb3 dxe4 13. dxe4 e5 14. Be3 c4 15. Nc5 Qc7 16. Na6 Bxa6 17. Rxa6 Rfd8 18. Qa1 Nc8 19. Bf1 Be7 20. Rd1 Nd6 21. Nd2 h6 22. h4 Rb7 23. Bg2 Nb8 24. Ra8 Nd7 25. Rxd8+ Qxd8 26. Qa6 Qc7 27. Nb1 Kh7 28. Na3 Nb8 29. Qa8 b4 30. Nb1 Nb5 31. Qa4 Nc6 32. Bf1 Nd6 33. Nd2 bxc3 34. bxc3 Na5 35. Qc2 Nb5 36. Ra1 Na3 37. Qa4 Qd6 38. Qxa5 1-0

[Event "Mittelfranken Landesliga Nord 2122"]
[Site "Mittelfranken"]
[Date "2022.05.29"]
[Round "9.2"]
[White "Goehring, Karl Heinz"]
[Black "Votruba, Pavel"]
[Result "1/2-1/2"]
[WhiteElo "2105"]
[BlackElo "2203"]
[PlyCount "35"]
[EventDate "2021.10.24"]
[EventType "team-tourn"]
[EventRounds "9"]
[EventCountry "GER"]
[SourceTitle "EXT 2024"]
[Source "ChessBase"]
[SourceDate "2023.10.10"]
[SourceVersion "1"]
[SourceVersionDate "2023.10.10"]
[SourceQuality "1"]
[WhiteTeam "Schweinfurt"]
[BlackTeam "Schwandorf"]
[WhiteTeamCountry "GER"]
[BlackTeamCountry "GER"]

1. d4 Nf6 2. Nf3 e6 3. c4 d5 4. Nc3 c6 5. e3 Nbd7 6. Bd3 dxc4 7. Bxc4 b5 8. Bd3 a6 9. e4 c5 10. d5 c4 11. dxe6 fxe6 12. Bc2 Qc7 13. 0-0 Bb7 14. Ng5 Nc5 15. e5 Qc6 16. f3 Nfd7 17. Qe2 Be7 18. Re1 1/2-1/2

[Event "Landesliga Nord 1819"]
[Site "Bayern"]
[Date "2019.02.03"]
[Round "6.2"]
[White "Votruba, Pavel"]
[Black "Rupp, Markus"]
[Result "0-1"]
[WhiteElo "2167"]
[BlackElo "2142"]
[PlyCount "90"]
[EventDate "2018.10.21"]
[EventType "team-tourn"]
[EventRounds "9"]
[EventCountry "GER"]
[SourceTitle "EXT 2022"]
[Source "ChessBase"]
[SourceDate "2021.10.06"]
[SourceVersion "1"]
[SourceVersionDate "2021.10.06"]
[SourceQuality "1"]
[WhiteTeam "Schwandorf"]
[BlackTeam "Wuerzburg"]
[WhiteTeamCountry "GER"]
[BlackTeamCountry "GER"]

1. Nf3 Nf6 2. c4 Nc6 3. d4 e6 4. a3 d6 5. Nc3 g6 6. e4 Bg7 7. h3 0-0 8. Be3 Re8 9. Qc2 e5 10. 0-0-0 exd4 11. Nxd4 Nxd4 12. Bxd4 Bh6+ 13. Kb1 Nxe4 14. Nxe4 Rxe4 15. g4 Re8 16. Qc3 Qh4 17. Qf3 Bd7 18. Qxb7 Rab8 19. Qxc7 Bxg4 20. Bg2 Bxd1 21. Rxd1 Bg7 22. Bxg7 Kxg7 23. Qxa7 Qf6 24. Rd2 Rb3 25. Bc6 Re1+ 26. Ka2 Rxh3 27. f3 Rh4 28. Bd5 h5 29. a4 Rhh1 30. a5 h4 31. f4 Ra1+ 32. Kb3 Rh3+ 33. Kb4 Rg3 34. f5 Rb1 35. Kb5 Rb3+ 36. Kc6 R1xb2 37. Rd4 gxf5 38. Rxh4 Qxh4 39. Qxf7+ Kh6 40. c5 Rb7 41. Qf8+ Kg5 42. Qd8+ Kg4 43. Qxd6 Kh3 44. Qe6 Qa4+ 45. Kd6 Qf4+ 0-1

[Event "Landesliga Nord 1819"]
[Site "Bayern"]
[Date "2018.10.21"]
[Round "1.3"]
[White "Doeres, Hans Juergen"]
[Black "Votruba, Pavel"]
[Result "0-1"]
[WhiteElo "2156"]
[BlackElo "2167"]
[PlyCount "56"]
[EventDate "2018.10.21"]
[EventType "team-tourn"]
[EventRounds "9"]
[EventCountry "GER"]
[SourceTitle "EXT 2022"]
[Source "ChessBase"]
[SourceDate "2021.10.06"]
[SourceVersion "1"]
[SourceVersionDate "2021.10.06"]
[SourceQuality "1"]
[WhiteTeam "Forchheim SC"]
[BlackTeam "Schwandorf"]
[WhiteTeamCountry "GER"]
[BlackTeamCountry "GER"]

1. c4 e6 2. Nc3 d5 3. d4 c6 4. e3 Nf6 5. Nf3 Nbd7 6. Bd3 dxc4 7. Bxc4 b5 8. Bd3 a6 9. e4 c5 10. d5 c4 11. Bc2 e5 12. 0-0 h6 13. h3 Bc5 14. Qe2 Qc7 15. Nh4 g6 16. Kh2 Bb7 17. Nd1 Be7 18. Nf3 Kf8 19. Bd2 Kg7 20. b3 cxb3 21. Bxb3 Bd6 22. Rc1 Nc5 23. Bc2 Qe7 24. Nb2 a5 25. Bd3 Nxd3 26. Qxd3 Nd7 27. Rfd1 Nc5 28. Qe3 f5 0-1

[Event "Regionalliga Nord-Ost 1718"]
[Site "Bayern"]
[Date "2017.11.26"]
[Round "3.3"]
[White "Votruba, Pavel"]
[Black "Nehls, Benedikt"]
[Result "1/2-1/2"]
[WhiteElo "2146"]
[BlackElo "2066"]
[PlyCount "80"]
[EventDate "2017.10.22"]
[EventType "team-tourn"]
[EventRounds "9"]
[EventCountry "GER"]
[SourceTitle "EXT 2022"]
[Source "ChessBase"]
[SourceDate "2021.10.06"]
[SourceVersion "1"]
[SourceVersionDate "2021.10.06"]
[SourceQuality "1"]
[WhiteTeam "Schwandorf"]
[BlackTeam "Erlangen SC II"]
[WhiteTeamCountry "GER"]
[BlackTeamCountry "GER"]

1. Nf3 g6 2. d4 Nf6 3. Nbd2 d5 4. e3 Bg7 5. c4 c5 6. cxd5 Nxd5 7. e4 Nc7 8. dxc5 Nba6 9. Qc2 0-0 10. a3 b6 11. cxb6 axb6 12. Be2 Bd7 13. Nc4 Ne6 14. Be3 Nac5 15. Rd1 Qb8 16. Ncd2 Rc8 17. Qb1 Na4 18. Nb3 Be8 19. Nbd4 Nec5 20. 0-0 b5 21. Bd2 e5 22. Nc2 Nxe4 23. Bb4 Nac5 24. Ne3 Qb7 25. Nd2 Nxd2 26. Rxd2 Nb3 27. Rdd1 Nd4 28. Rfe1 Bc6 29. Bf1 Kh8 30. Ng4 Re8 31. Bc3 Rad8 32. f4 e4 33. Ne5 Nf5 34. Rxd8 Rxd8 35. Nxc6 Qxc6 36. Bxg7+ Kxg7 37. Qxe4 Qb6+ 38. Kh1 Rd2 39. Re2 Rd1 40. Re1 Rd2 1/2-1/2

[Event "Regionalliga NO 1617"]
[Site "Bayern"]
[Date "2017.02.19"]
[Round "6.3"]
[White "Redzepovic, Irfan"]
[Black "Votruba, Pavel"]
[Result "1/2-1/2"]
[WhiteElo "2015"]
[BlackElo "2178"]
[PlyCount "88"]
[EventDate "2016.10.16"]
[EventType "team-tourn"]
[EventRounds "9"]
[EventCountry "GER"]
[SourceTitle "EXT 2019"]
[Source "ChessBase"]
[SourceDate "2018.10.10"]
[SourceVersion "1"]
[SourceVersionDate "2018.10.10"]
[SourceQuality "1"]
[WhiteTeam "Nuernberg Sued SW II"]
[BlackTeam "Schwandorf"]
[WhiteTeamCountry "GER"]
[BlackTeamCountry "GER"]

1. d4 e6 2. c4 Nf6 3. Nc3 d5 4. Nf3 c5 5. cxd5 Nxd5 6. e3 Nc6 7. Bd3 cxd4 8. exd4 Be7 9. 0-0 0-0 10. Re1 Ncb4 11. Nxd5 Nxd5 12. Qe2 Nf6 13. Bf4 Bd7 14. Ne5 Bc6 15. Nxc6 bxc6 16. Be5 c5 17. Rad1 cxd4 18. Bxd4 Qa5 19. Bb1 Rfd8 20. a3 Rac8 21. Qe3 Rd7 22. Bc3 Qd8 23. Rxd7 Qxd7 24. Qh3 h6 25. Ba2 Rc6 26. Qg3 Rd6 27. Bb3 Rb6 28. Bc2 Bd6 29. Qd3 Be7 30. Qh3 Nd5 31. Bd4 Rb7 32. Qd3 Nf6 33. Rd1 Qb5 34. Qxb5 Rxb5 35. Kf1 Kf8 36. Ke2 Rb7 37. Ba4 Rc7 38. g3 Ne4 39. f3 Nc5 40. Rc1 Bd6 41. Bd1 Nb3 42. Bxg7+ Kxg7 43. Rxc7 Bxc7 44. Bxb3 Be5 1/2-1/2

[Event "Regionalliga NO 1617"]
[Site "Bayern"]
[Date "2016.11.20"]
[Round "2.2"]
[White "Ganaus, Hannes"]
[Black "Votruba, Pavel"]
[Result "1/2-1/2"]
[WhiteElo "2257"]
[BlackElo "2178"]
[PlyCount "62"]
[EventDate "2016.10.16"]
[EventType "team-tourn"]
[EventRounds "9"]
[EventCountry "GER"]
[SourceTitle "EXT 2019"]
[Source "ChessBase"]
[SourceDate "2018.10.10"]
[SourceVersion "1"]
[SourceVersionDate "2018.10.10"]
[SourceQuality "1"]
[WhiteTeam "Regensburg Bavaria"]
[BlackTeam "Schwandorf"]
[WhiteTeamCountry "GER"]
[BlackTeamCountry "GER"]

1. d4 d5 2. c4 c6 3. e3 Nf6 4. Nc3 g6 5. Nf3 Bg7 6. cxd5 cxd5 7. Bb5+ Nbd7 8. Qb3 e6 9. a4 0-0 10. 0-0 a6 11. Bd3 b6 12. Bd2 Bb7 13. Rfd1 Ne4 14. Be1 f5 15. Bf1 Rc8 16. Na2 f4 17. exf4 Rxf4 18. g3 Rf7 19. Bg2 g5 20. h3 h5 21. Nc3 g4 22. hxg4 hxg4 23. Nh2 Nxc3 24. bxc3 Qg5 25. Qa2 Rf6 26. Qe2 Rg6 27. Rd3 e5 28. dxe5 Nxe5 29. f4 gxf3 30. Nxf3 Nxf3+ 31. Qxf3 Rf8 1/2-1/2

[Event "Regionalliga NO 1415"]
[Site "Bayern"]
[Date "2014.10.19"]
[Round "1.3"]
[White "Votruba, Pavel"]
[Black "Mueller, Christian2222"]
[Result "1/2-1/2"]
[WhiteElo "2178"]
[BlackElo "2204"]
[PlyCount "66"]
[EventDate "2014.10.19"]
[EventType "team-tourn"]
[EventRounds "9"]
[EventCountry "GER"]
[SourceTitle "EXT 2018"]
[Source "ChessBase"]
[SourceDate "2017.10.13"]
[SourceVersion "1"]
[SourceVersionDate "2017.10.13"]
[SourceQuality "1"]
[WhiteTeam "Schwandorf"]
[BlackTeam "Windischeschenbach"]
[WhiteTeamCountry "GER"]
[BlackTeamCountry "GER"]

1. Nf3 d5 2. c4 c6 3. e3 Nf6 4. Nc3 a6 5. d4 Bf5 6. Qb3 b5 7. cxd5 cxd5 8. a4 b4 9. Na2 a5 10. Bb5+ Bd7 11. Bd3 e6 12. Bd2 Bd6 13. 0-0 0-0 14. Nc1 Nc6 15. Qd1 Ne4 16. Bc2 f5 17. Nd3 Qf6 18. Bc1 Be8 19. Nfe5 Bxe5 20. Nxe5 Nxe5 21. dxe5 Qxe5 22. Rb1 Qc7 23. f3 Rc8 24. Bd3 Nc5 25. b3 Nxd3 26. Qxd3 Qc2 27. Qxc2 Rxc2 28. Rf2 Rc6 29. Bb2 Bf7 30. f4 Rfc8 31. Bd4 Bh5 32. Rfb2 Kf7 33. Kf2 Kf8 1/2-1/2

[Event "Regionalliga NO 1213"]
[Site "Bayern"]
[Date "2013.04.14"]
[Round "9.3"]
[White "Endres, Christian"]
[Black "Votruba, Pavel"]
[Result "1/2-1/2"]
[WhiteElo "2081"]
[BlackElo "2160"]
[PlyCount "40"]
[EventDate "2012.10.14"]
[EventType "team-tourn"]
[EventRounds "9"]
[EventCountry "GER"]
[SourceTitle "EXT 2015"]
[Source "ChessBase"]
[SourceDate "2014.11.20"]
[SourceVersion "1"]
[SourceVersionDate "2014.11.20"]
[SourceQuality "1"]
[WhiteTeam "Altensittenbach"]
[BlackTeam "Schwandorf"]
[WhiteTeamCountry "GER"]
[BlackTeamCountry "GER"]

1. Nf3 d5 2. c4 e6 3. b3 Be7 4. Bb2 Bf6 5. Bxf6 Nxf6 6. g3 0-0 7. Bg2 c5 8. 0-0 Nc6 9. cxd5 Nxd5 10. Na3 Qf6 11. d3 Rd8 12. Qd2 b6 13. Nc4 h6 14. Rac1 Rb8 15. Rfd1 Nd4 16. Ne3 Nxe3 17. fxe3 Nxf3+ 18. Bxf3 Qg5 19. Kf2 Bb7 20. Bxb7 Rxb7 1/2-1/2

[Event "Regionalliga NO 1213"]
[Site "Bayern"]
[Date "2012.10.14"]
[Round "1.3"]
[White "Votruba, Pavel"]
[Black "Ott, Florian"]
[Result "1-0"]
[WhiteElo "2160"]
[BlackElo "2120"]
[PlyCount "83"]
[EventDate "2012.10.14"]
[EventType "team-tourn"]
[EventRounds "9"]
[EventCountry "GER"]
[SourceTitle "EXT 2015"]
[Source "ChessBase"]
[SourceDate "2014.11.20"]
[SourceVersion "1"]
[SourceVersionDate "2014.11.20"]
[SourceQuality "1"]
[WhiteTeam "Schwandorf"]
[BlackTeam "Amberg Siemens"]
[WhiteTeamCountry "GER"]
[BlackTeamCountry "GER"]

1. Nf3 Nf6 2. b3 d5 3. Bb2 c6 4. e3 Bf5 5. Be2 h6 6. d4 Nbd7 7. 0-0 e6 8. c4 Qc7 9. Nc3 Rc8 10. Rc1 Be7 11. Bd3 Bxd3 12. Qxd3 0-0 13. Rfd1 Rfd8 14. h3 Qb8 15. Qe2 a6 16. Ne5 Nxe5 17. dxe5 Nd7 18. f4 b5 19. cxd5 cxd5 20. Qf3 f6 21. Qg4 Qb6 22. Nxd5 exd5 23. Rxc8 Rxc8 24. Qxd7 Qxe3+ 25. Kh1 Rc2 26. Qxd5+ Kh7 27. exf6 Rxb2 28. fxe7 Qxe7 29. Qf5+ Kh8 30. Rd7 Qe1+ 31. Kh2 Rxg2+ 32. Kxg2 Qe2+ 33. Kg3 Qe3+ 34. Kh4 Qe1+ 35. Kh5 Qe8+ 36. Qf7 Qe2+ 37. Kh4 Qf2+ 38. Kg4 Qg2+ 39. Kf5 Qxh3+ 40. Ke5 Qe3+ 41. Kd5 Qd3+ 42. Kc6 1-0

[Event "Regionalliga NO 1112"]
[Site "Bayern"]
[Date "2012.03.18"]
[Round "8.3"]
[White "Mueller, Christian2222"]
[Black "Votruba, Pavel"]
[Result "1/2-1/2"]
[WhiteElo "2078"]
[BlackElo "2114"]
[PlyCount "22"]
[EventDate "2011.10.02"]
[EventType "team-tourn"]
[EventRounds "9"]
[EventCountry "GER"]
[SourceTitle "EXT 2015"]
[Source "ChessBase"]
[SourceDate "2014.11.20"]
[SourceVersion "1"]
[SourceVersionDate "2014.11.20"]
[SourceQuality "1"]
[WhiteTeam "Windischeschenbach"]
[BlackTeam "Schwandorf"]
[WhiteTeamCountry "GER"]
[BlackTeamCountry "GER"]

1. Nf3 Nf6 2. c4 e6 3. g3 d5 4. Bg2 dxc4 5. Na3 Bxa3 6. bxa3 c6 7. Bb2 b5 8. 0-0 0-0 9. Qc2 Bb7 10. Ne5 Nbd7 11. Rfd1 Nxe5 1/2-1/2

[Event "Landesliga Nord 1011"]
[Site "Bayern"]
[Date "2010.11.14"]
[Round "3.5"]
[White "Pauli, Alexander"]
[Black "Votruba, Pavel"]
[Result "1/2-1/2"]
[WhiteElo "2095"]
[BlackElo "2114"]
[PlyCount "43"]
[EventDate "2010.10.10"]
[EventType "team-tourn"]
[EventRounds "9"]
[EventCountry "GER"]
[SourceTitle "EXT 2012"]
[Source "ChessBase"]
[SourceDate "2011.11.24"]
[SourceVersion "1"]
[SourceVersionDate "2011.11.24"]
[SourceQuality "1"]
[WhiteTeam "Zirndorf"]
[BlackTeam "Schwandorf"]
[WhiteTeamCountry "GER"]
[BlackTeamCountry "GER"]

1. e4 e6 2. d4 d5 3. Nc3 Bb4 4. e5 b6 5. Nf3 Qd7 6. Bd3 Ba6 7. 0-0 Bxd3 8. cxd3 Bf8 9. Nh4 h5 10. f4 g6 11. Be3 Nh6 12. b3 Be7 13. Qe1 Nc6 14. Qf2 0-0-0 15. a3 Kb7 16. b4 Nf5 17. Nxf5 gxf5 18. Rfc1 Rc8 19. Qb2 Nb8 20. a4 a6 21. Bd2 c6 22. Rc2 1/2-1/2

[Event "Landesliga Nord 0910"]
[Site "Bayern"]
[Date "2010.02.07"]
[Round "6.5"]
[White "Votruba, Pavel"]
[Black "Kreuzer, Helmut"]
[Result "1-0"]
[WhiteElo "2109"]
[BlackElo "2126"]
[PlyCount "57"]
[EventDate "2009.10.18"]
[EventType "team-tourn"]
[EventRounds "9"]
[EventCountry "GER"]
[SourceTitle "EXT 2011"]
[Source "ChessBase"]
[SourceDate "2010.11.26"]
[SourceVersion "1"]
[SourceVersionDate "2010.11.26"]
[SourceQuality "1"]
[WhiteTeam "Schwandorf"]
[BlackTeam "Kelheim"]
[WhiteTeamCountry "GER"]
[BlackTeamCountry "GER"]

1. Nf3 d5 2. c4 c6 3. e3 Nf6 4. Nc3 e6 5. d4 Be7 6. b3 0-0 7. Bd3 c5 8. 0-0 Nc6 9. Bb2 cxd4 10. exd4 b6 11. Qe2 Nb4 12. Bb1 Bb7 13. Rd1 Rc8 14. Ne5 Qd6 15. a3 Na6 16. Bd3 Nc7 17. Rac1 Qd8 18. Bb1 Nce8 19. Na4 dxc4 20. bxc4 Bd6 21. Nc3 a6 22. a4 Nc7 23. c5 Be7 24. c6 Ba8 25. Ne4 Qd5 26. Nxf6+ Bxf6 27. Be4 Qb3 28. Rd3 Qxa4 29. Bxh7+ 1-0

[Event "Landesliga Nord 0910"]
[Site "Bayern"]
[Date "2009.11.15"]
[Round "2.5"]
[White "Kwossek, Georg"]
[Black "Votruba, Pavel"]
[Result "1/2-1/2"]
[WhiteElo "2000"]
[BlackElo "2109"]
[PlyCount "59"]
[EventDate "2009.10.18"]
[EventType "team-tourn"]
[EventRounds "9"]
[EventCountry "GER"]
[SourceTitle "EXT 2011"]
[Source "ChessBase"]
[SourceDate "2010.11.26"]
[SourceVersion "1"]
[SourceVersionDate "2010.11.26"]
[SourceQuality "1"]
[WhiteTeam "Kitzingen"]
[BlackTeam "Schwandorf"]
[WhiteTeamCountry "GER"]
[BlackTeamCountry "GER"]

1. d4 d6 2. Nf3 g6 3. c4 Bg7 4. Nc3 Nd7 5. e4 e5 6. Be2 Ne7 7. h4 h5 8. Bg5 c6 9. d5 c5 10. Nb5 Nf6 11. Qd3 a6 12. Nc3 Bd7 13. a4 0-0 14. 0-0 Nh7 15. Bd2 a5 16. Nb5 Bc8 17. Ng5 Nxg5 18. hxg5 f5 19. gxf6 Bxf6 20. Bc3 Bg5 21. Qg3 Bh6 22. Rad1 Kh7 23. Bd2 Ng8 24. f4 Nf6 25. Nc3 Ng4 26. fxe5 Rxf1+ 27. Bxf1 Nxe5 28. Bxh6 Kxh6 29. Be2 Bd7 30. Rf1 1/2-1/2

[Event "Landesliga Nord 0809"]
[Site "Bayern"]
[Date "2009.03.01"]
[Round "7.3"]
[White "Seibold, Hubert"]
[Black "Votruba, Pavel"]
[Result "1-0"]
[WhiteElo "2148"]
[BlackElo "2110"]
[PlyCount "73"]
[EventDate "2008.10.05"]
[EventType "team-tourn"]
[EventRounds "9"]
[EventCountry "GER"]
[SourceTitle "EXT 2020"]
[Source "ChessBase"]
[SourceDate "2019.10.17"]
[SourceVersion "1"]
[SourceVersionDate "2019.10.17"]
[SourceQuality "1"]
[WhiteTeam "Zirndorf"]
[BlackTeam "Schwandorf"]
[WhiteTeamCountry "GER"]
[BlackTeamCountry "GER"]

1. e4 g6 2. d4 Bg7 3. Nc3 d6 4. f4 c6 5. Nf3 Nf6 6. Bd3 0-0 7. 0-0 b5 8. Qe1 b4 9. Ne2 a5 10. Qh4 d5 11. e5 Ne8 12. a3 bxa3 13. Rxa3 f5 14. Bd2 c5 15. dxc5 Qc7 16. b4 Nc6 17. Kh1 Rb8 18. bxa5 Qa7 19. Rfa1 Nc7 20. h3 Ne6 21. Ng5 h6 22. Nxe6 Bxe6 23. Qg3 Kh7 24. h4 h5 25. Qe3 Rfc8 26. Rb3 d4 27. Nxd4 Nxd4 28. Rxb8 Nxc2 29. Bxc2 Rxb8 30. c6 Qa6 31. c7 Rc8 32. Bd3 Qa8 33. Qc5 Bd5 34. Bf1 e6 35. Rc1 Bf8 36. Qb5 Kh6 37. Bb4 1-0

[Event "Landesliga Nord 0809"]
[Site "Bayern"]
[Date "2008.10.26"]
[Round "2.4"]
[White "Votruba, Pavel"]
[Black "Gegenfurtner, Juergen"]
[Result "0-1"]
[WhiteElo "2110"]
[BlackElo "2089"]
[PlyCount "62"]
[EventDate "2008.10.05"]
[EventType "team-tourn"]
[EventRounds "9"]
[EventCountry "GER"]
[SourceTitle "EXT 2020"]
[Source "ChessBase"]
[SourceDate "2019.10.17"]
[SourceVersion "1"]
[SourceVersionDate "2019.10.17"]
[SourceQuality "1"]
[WhiteTeam "Schwandorf"]
[BlackTeam "Neutraubling"]
[WhiteTeamCountry "GER"]
[BlackTeamCountry "GER"]

1. Nf3 Nf6 2. c4 e6 3. b3 b6 4. Bb2 Bb7 5. e3 c5 6. Nc3 d6 7. d4 Be7 8. Bd3 0-0 9. 0-0 a6 10. Qe2 Nbd7 11. Rad1 Qc7 12. Bb1 Rfe8 13. e4 cxd4 14. Nxd4 Rac8 15. f4 Qb8 16. Nf3 Rc5 17. Ne1 b5 18. Nd3 Rh5 19. cxb5 axb5 20. Rde1 Rh4 21. a3 Bd8 22. h3 Bb6+ 23. Kh2 e5 24. fxe5 Nxe5 25. Nxe5 Rxe5 26. Nxb5 d5 27. Bxe5 Qxe5+ 28. Kh1 Nh5 29. Rf3 dxe4 30. Rc1 Qg5 31. Qc2 exf3 0-1